000 00855naa a22002537a 4500
001 BR9401785
003 BR-BrBNA
005 20240918181000.0
007 ta
008 230509b bl.||||| |||| 00| 0 por d
040 _aBR-BrBNA
_bpor
_cBiblioteca Nacional de Agricultura
041 _a(Pt)
072 _aE40; E50
090 _aE40 BR9401785
100 1 _aKoslovski, J.P.
245 1 _aA viabilizacao da autogestao passa, necessariamente, pela organizacao do qudro social
260 3 _aCuritiba, PR (Brasil):
_c1994.
500 _aNovas propostas cooperativistas Curitiba, PR (Brasil): 1994. p. 23-41 (BR9401785-AM)E40
650 _aCooperativa
650 _aPolitica Social
773 0 _tNovas propostas cooperativistas
_wE40 BR9401785
_gCuritiba, PR (Brasil), 1994. p. 23-41
909 _a202404
_bLucia
_c55
_dLucia Elande
942 _cAM
_2AGRIS
999 _c322998
_d322998